List of Dangerous Aminals (Mummy Joe) - Statistics

General Stats
  • This quiz has been taken 4 times
  • The average score is 20 of 26
Answer Stats
Answer % Correct
Boog
100%
Boog 2
100%
Boog 3
100%
El Gatito Del Mar
100%
El Tigre
100%
Hipipo
100%
Horsy
100%
Lelephant
100%
Peeg
100%
Sea Horsy
100%
Sea Peeg
100%
Dongy
67%
El Jaguar
67%
El Leon
67%
Feesh
67%
Gribzy Bear
67%
Kronkondile
67%
Lizzler
67%
Mongy
67%
Rinosero
67%
Shkrimp
67%
Zeeba
67%
El Gatitio
33%
Mowski
33%
Okopus
33%
Sea Mowski
33%
No matching quizzes found
Score Distribution
Percent of People with Each Score
Percentile by Number Answered
Your Score History
You have not taken this quiz